000 01200nam a22002897a 4500
999 _c13234
_d13234
003 MIRAKIL
005 20190510135101.0
008 190510b tu ||||| |||| 00| 0 tur d
020 _a9786053994589
040 _aTR-AnCHP
_cTR-AnCHP
041 1 _atur
082 0 4 _a530.1
_bC63k 2016
100 1 _aCrease, Robert P.
245 1 0 _aKuantum dönemi :
_bPlanck, Bohr, Einsten ve Heisenberg belirsizliği sevmeyi bize nasıl öğretti /
_cRobert P. Crease, Alfred Scharff Goldhaber ; çeviren: Vural Arı.
260 _aİstanbul :
_b İstanbul Bilgi Üniversitesi yayınları,
_c 2016.
300 _aix, 258 s. :
_b res., şkl. ;
_c 23 sm.
490 1 _aİstanbul Bilgi Üniversitesi yayınları ;
_aBilim ve teknoloji ;
_v 566.
_v 3.
500 _aYapıtın özgün adı: The quantum moment : how Planck, Bohr, Einstein, and Heisenberg taught us to love uncertainty.
504 _aDizin vardır.
504 _aBibliyografik bilgi içerir.
600 1 4 _aPlanck, Max, 1858-1947
650 0 _aKuantum teorisi
_95734
_xPopüler çalışmalar
650 0 _a Fizik
_95735
_xPopüler çalışmalar
700 1 _aGoldhaber, Alfred Scharff
700 1 _aArı, Vural
_eçev.
942 _2ddc
_cBKS